| 000 | 00531nam a2200169 i 4500 | ||
|---|---|---|---|
| 001 | 82012 | ||
| 003 | ES-MaACL | ||
| 005 | 20230906174548.0 | ||
| 007 | t| | ||
| 008 | 041118s1992 xxk ||||1| eng d | ||
| 020 | _a87-7288-415-0 | ||
| 100 | 1 |
_aKyndrup, Morten. _969104 |
|
| 245 | 1 | 0 |
_aFraming and fiction _b: studies in the rhetoric of novel, interpretation, and history . A composition / _cMorten Kyndrup. |
| 260 |
_aAarhus : _bUniversity Press, _c1992. |
||
| 300 |
_a511 p. ; _c18 cm. |
||
| 852 |
_aES-MaACL _jE-10448 _bR.134568 |
||
| 999 |
_c82012 _d82012 |
||